La Acuarela / (Record no. 9826)

MARC details
000 -LEADER
campo de control de longitud fija 00762nam a2200241 i 4500
001 - NÚMERO DE CONTROL
campo de control 9826
003 - IDENTIFICADOR DE NÚMERO DE CONTROL
campo de control ES-MaACL
005 - FECHA Y HORA DE LA ÚLTIMA TRANSACCIÓN
campo de control 20230906145749.0
007 - CAMPO FIJO DE DESCRIPCIÓN FÍSICA--INFORMACIÓN GENERAL
campo de control de longitud fija t|
008 - DATOS DE LONGITUD FIJA--INFORMACIÓN GENERAL
campo de control de longitud fija 940120s1993 sp ||||1| spa d
020 ## - NÚMERO INTERNACIONAL ESTÁNDAR DEL LIBRO
Número Internacional Estándar del Libro 84-7254-249-1
080 ## - NÚMERO DE LA CLASIFICACIÓN DECIMAL UNIVERSAL
Número de la Clasificación Decimal Universal 75.023.22(09)
100 1# - ENTRADA PRINCIPAL--NOMBRE DE PERSONA
Nombre de persona Leymarie, Jean.
9 (RLIN) 72102
245 13 - MENCIÓN DEL TÍTULO
Título La Acuarela /
Mención de responsabilidad, etc. texto de Jean Leymarie ; [traducción : Montserrat Conill Marfáa].
260 ## - PUBLICACIÓN, DISTRIBUCIÓN, ETC.
Lugar de publicación, distribución, etc. Genève, Suisse :
Nombre del editor, distribuidor, etc. Skira ;
Lugar de publicación, distribución, etc. Barcelona :
Nombre del editor, distribuidor, etc. Carroggio,
Fecha de publicación, distribución, etc. D.L. 1993.
300 ## - DESCRIPCIÓN FÍSICA
Extensión 160 p. :
Otras características físicas il. col. ;
Dimensiones 35 cm.
490 1# - MENCIÓN DE SERIE
Mención de serie Historia de un arte
650 14 - PUNTO DE ACCESO ADICIONAL DE MATERIA--TÉRMINO DE MATERIA
Término de materia o nombre geográfico como elemento de entrada Acuarela-
Subdivisión general Historia.
9 (RLIN) 9599
700 1# - ENTRADA AGREGADA--NOMBRE PERSONAL
Nombre de persona Conil, Montserrat,
Término indicativo de función/relación
9 (RLIN) 40182
830 0# - PUNTO DE ACCESO ADICIONAL DE SERIE-TÍTULO UNIFORME
Título uniforme Historia de un arte
9 (RLIN) 177954
852 ## - LOCALIZACIÓN
Ubicación ES-MaACL
Número de control de estantería C-10826
Sublocalización o colección R.122391
Holdings
Estatus retirado Estado de pérdida Estado de daño No para préstamo Biblioteca de origen Biblioteca actual Ubicación en estantería Fecha de adquisición Fuente de adquisición Total de préstamos Signatura topográfica completa Código de barras Visto por última vez Precio de reemplazo Tipo de ítem Koha
        Biblioteca del Ateneo de Madrid Biblioteca del Ateneo de Madrid Sala Palomar 17/01/2008     C-10826 1010029 23/02/2023 23/02/2023 Libro impreso